El carlismo y las autonomías regionales / (Record no. 111189)

MARC details
000 -LEADER
campo de control de longitud fija 00758nam a2200229 i 4500
001 - NÚMERO DE CONTROL
campo de control 111189
003 - IDENTIFICADOR DE NÚMERO DE CONTROL
campo de control ES-MaACL
005 - FECHA Y HORA DE LA ÚLTIMA TRANSACCIÓN
campo de control 20230906185247.0
007 - CAMPO FIJO DE DESCRIPCIÓN FÍSICA--INFORMACIÓN GENERAL
campo de control de longitud fija t|
008 - DATOS DE LONGITUD FIJA--INFORMACIÓN GENERAL
campo de control de longitud fija 061121s1974 sp r ||||1| spa d
100 1# - ENTRADA PRINCIPAL--NOMBRE DE PERSONA
Nombre de persona Olcina, Evaristo.
9 (RLIN) 86686
245 13 - MENCIÓN DEL TÍTULO
Título El carlismo y las autonomías regionales /
Mención de responsabilidad, etc. Evaristo Olcina ; prólogo de Josep Benet.
260 ## - PUBLICACIÓN, DISTRIBUCIÓN, ETC.
Lugar de publicación, distribución, etc. Madrid :
Nombre del editor, distribuidor, etc. Seminario y ediciones,
Fecha de publicación, distribución, etc. 1974.
300 ## - DESCRIPCIÓN FÍSICA
Extensión 261 p. ;
Dimensiones 18 cm.
490 1# - MENCIÓN DE SERIE
Mención de serie Hora H : Ensayos y Documentos ;
Designación de volumen o secuencia 47
650 04 - PUNTO DE ACCESO ADICIONAL DE MATERIA--TÉRMINO DE MATERIA
Término de materia o nombre geográfico como elemento de entrada Carlismo-
Subdivisión general Historia.
9 (RLIN) 10782
650 #4 - PUNTO DE ACCESO ADICIONAL DE MATERIA--TÉRMINO DE MATERIA
Término de materia o nombre geográfico como elemento de entrada Regionalismo-
Subdivisión geográfica España-
Subdivisión general Historia.
9 (RLIN) 170128
700 1# - ENTRADA AGREGADA--NOMBRE PERSONAL
Nombre de persona Benet, Josep.
9 (RLIN) 27535
830 0# - PUNTO DE ACCESO ADICIONAL DE SERIE-TÍTULO UNIFORME
Título uniforme Hora H : Ensayos y Documentos ;
Designación de volumen o secuencia 47
9 (RLIN) 176510
852 ## - LOCALIZACIÓN
Ubicación ES-MaACL
Número de control de estantería C-56429
Sublocalización o colección R.89303
Holdings
Estatus retirado Estado de pérdida Estado de daño No para préstamo Biblioteca de origen Biblioteca actual Ubicación en estantería Fecha de adquisición Fuente de adquisición Total de préstamos Signatura topográfica completa Código de barras Visto por última vez Precio de reemplazo Tipo de ítem Koha
        Biblioteca del Ateneo de Madrid Biblioteca del Ateneo de Madrid Depósito 2 17/01/2008     C-56429 1116006 23/02/2023 23/02/2023 Libro impreso